• 首页
  • 本馆介绍
  • 公告通知
  • 最新文献
  • 馆藏检索
  • 电子资源
  • 读者导购
  • 参考咨询
  • 我的图书馆
  • 登录
  • 详细信息显示
  • 放入我的书架
  • 预约/预借图书
  • 作者相关作品
  • 分类相关作品
  • 丛书相关作品
  • 出版社相关作品

书目信息

  • 表格格式
  • 工作单格式
  • 卡片格式
题名:
富甲美国
    
 
作者: 沃尔顿 , 休伊 著 ;沈志彦 译
分册:  
出版信息: 上海   上海译文出版社  2001
页数: 254页
开本: 21cm
丛书名:
单 册:
中图分类: K837.125.38
科图分类:
主题词:
电子资源:
ISBN: 7-5327-2693-2
000 00793nam0 2200229 45
001 0402021899
005 20040202182600.9
010    @a7-5327-2693-2@dCNY24.40
100    @a20040202d2001 km y0chiy0120 ea
101 0  @achi@ceng
105    @af z 000ya
200 1  @a富甲美国@AFu Jia Mei Guo@e沃尔玛创始人自传@EWo Er Ma Chuang Shi Ren ZiZhuan@f(美)萨姆·沃尔顿,约翰·休伊著@F(Mei)Sa Mu·Wo Er Dun,Yue Han·Xiu Yi Zhu@g沈志彦等译
210    @a上海@c上海译文出版社@d2001
215    @a254页@c照片@d21cm
517 1  @a沃尔玛创始人自传@AWo Er Ma Chuang Shi Ren Zi Zhuan
600  0 @a沃尔顿@x自传
690    @aK837.125.38@v4
701  0 @a沃尔顿@4著
701  0 @a休伊@4著
702  0 @a沈志彦@AShen Zhi Yan@4译
801    @aCN@bTSTCL@c20040202
905    @b333373-377@dK837.125.38@e357WR@f5
    
    富甲美国:沃尔玛创始人自传/(美)萨姆·沃尔顿,约翰·休伊著/沈志彦等译.-上海:上海译文出版社,2001
    254页:照片;21cm
    
    
    ISBN 7-5327-2693-2:CNY24.40
    
●
相关链接 在E读中查询图书 在五车中查询图书 在当当中查询图书 在豆瓣中查询图书


正题名:富甲美国     索取号:K837.125.38/357WR         预约/预借

序号 登录号 条形码 馆藏地/架位号 状态 备注
1 0333373   203333730   第二借阅区/ [索取号:K837.125.38/357WR] 在馆    
2 0333374   203333749   第二借阅区/ [索取号:K837.125.38/357WR] 在馆    
3 0333375   203333758   第二借阅区/ [索取号:K837.125.38/357WR] 在馆    
4 0333376   203333767   第二借阅区/ [索取号:K837.125.38/357WR] 在馆    
5 0333377   203333776   第二样本阅览室/ [索取号:K837.125.38/357WR] 在馆    
唐山师范学院图书馆 欢迎您!
大连网信软件有限公司© 版权所有